00345nam a2200133Ia 4500008004100000041000800041082001700049100002000066245004500086250001400131260002900145300003000174365000700204240624s9999 xx 000 0 und d aeng a658.4058 REU aREUVID JONATHAN aMANAGING BUSINESS SUPPORT SERVICES COLLA a(3rd ed.) c2005aGreat BritainbGMB aix, : 265 : p. : cm. ; 24 cRS